[Event "TUR Cup"]
[Site "Antalya"]
[Date "2019.01.28"]
[Round "3"]
[White "Erol, Harun Eser"]
[Black "Atay, Sergen"]
[Result "1/2-1/2"]
[WhiteElo "1464"]
[BlackElo "1769"]
[PlyCount "37"]
[EventDate "2019.01.27"]
[EventType "swiss"]
[EventRounds "11"]
[EventCountry "TUR"]
[SourceTitle "CBM 188 Extra"]
[Source "ChessBase"]
[SourceDate "2019.02.26"]
[SourceVersion "1"]
[SourceVersionDate "2019.02.26"]
[SourceQuality "1"]

1. f4 d5 2. Nf3 Nf6 3. e3 e6 4. d4 c5 5. c3 Nc6 6. Bd3 Be7 7. 0-0 0-0 8. Nbd2 b6 9. Ne5 Bb7 10. Qf3 Re8 11. g4 g6 12. Qh3 Nxe5 13. fxe5 Ne4 14. Bxe4 dxe4 15. Rxf7 Kxf7 16. Qxh7+ Kf8 17. Nxe4 Bxe4 18. Qh8+ Kf7 19. Qh7+ 1/2-1/2

[Event "Wch U20 52nd"]
[Site "Kocaeli"]
[Date "2013.09.19"]
[Round "7"]
[White "Atay, Sergen"]
[Black "Soysal, Serkan"]
[Result "0-1"]
[WhiteElo "1713"]
[BlackElo "2097"]
[PlyCount "62"]
[EventDate "2013.09.13"]
[EventType "swiss"]
[EventRounds "13"]
[EventCountry "TUR"]
[SourceTitle "CBM 156 Extra"]
[Source "ChessBase"]
[SourceDate "2013.10.22"]
[SourceVersion "1"]
[SourceVersionDate "2013.10.22"]
[SourceQuality "1"]

1. c4 Nf6 2. Nf3 g6 3. b4 Bg7 4. Bb2 0-0 5. d3 d6 6. g3 e5 7. Bg2 Re8 8. e4 h6 9. Nbd2 Be6 10. 0-0 a5 11. a3 Nc6 12. b5 Ne7 13. Qc2 Qd7 14. Rfe1 Bh3 15. Bh1 Nh5 16. d4 exd4 17. Bxd4 Nc8 18. Bxg7 Nxg7 19. e5 Bf5 20. Qc3 Nb6 21. Nd4 Na4 22. Qe3 dxe5 23. N4b3 c6 24. bxc6 bxc6 25. Qxh6 Bc2 26. Ne4 Bxe4 27. Bxe4 Nf5 28. Qg5 Kg7 29. Rac1 f6 30. Qg4 Qd3 31. Na1 Qxa3 0-1

[Event "World ol U16 10th"]
[Site "Kocaeli"]
[Date "2011.10.29"]
[Round "8.5"]
[White "Atay, Sergen"]
[Black "Repka, Christopher"]
[Result "0-1"]
[WhiteElo "1685"]
[BlackElo "2129"]
[PlyCount "64"]
[EventDate "2011.10.24"]
[EventType "team-swiss"]
[EventRounds "10"]
[EventCountry "TUR"]
[SourceTitle "EXT 2012"]
[Source "ChessBase"]
[SourceDate "2011.11.24"]
[SourceVersion "1"]
[SourceVersionDate "2011.11.24"]
[SourceQuality "1"]
[WhiteTeam "Turkey IV"]
[BlackTeam "Slovakia"]
[WhiteTeamCountry "TUR"]
[BlackTeamCountry "SVK"]

1. c4 Nc6 2. Nc3 e5 3. Nf3 Nf6 4. d3 Bc5 5. a3 a5 6. g3 0-0 7. Bg2 d6 8. 0-0 Bf5 9. Bd2 Qd7 10. Na4 Bh3 11. Nxc5 dxc5 12. Bc3 Rfe8 13. Re1 Bxg2 14. Kxg2 Rad8 15. Nd2 Qf5 16. f3 Qg6 17. Qa4 Nh5 18. Bxa5 Ra8 19. b4 b6 20. Nb3 bxa5 21. b5 Nd4 22. Nxc5 Nf4+ 23. Kf2 Nfe6 24. Na6 Qh5 25. h4 g5 26. Rh1 g4 27. fxg4 Qxg4 28. Ra2 Nf5 29. Rg1 Qd4+ 30. Kg2 Ne3+ 31. Kh3 Qg4+ 32. Kh2 Ng5 0-1

[Event "World ol U16 10th"]
[Site "Kocaeli"]
[Date "2011.10.25"]
[Round "3.9"]
[White "Atay, Sergen"]
[Black "Sengupta, Arjun"]
[Result "1/2-1/2"]
[WhiteElo "1685"]
[BlackElo "1566"]
[PlyCount "86"]
[EventDate "2011.10.24"]
[EventType "team-swiss"]
[EventRounds "10"]
[EventCountry "TUR"]
[SourceTitle "EXT 2012"]
[Source "ChessBase"]
[SourceDate "2011.11.24"]
[SourceVersion "1"]
[SourceVersionDate "2011.11.24"]
[SourceQuality "1"]
[WhiteTeam "Turkey IV"]
[BlackTeam "Kenya"]
[WhiteTeamCountry "TUR"]
[BlackTeamCountry "KEN"]

1. c4 f5 2. Nc3 e6 3. Nf3 Nf6 4. d3 d6 5. g3 Bd7 6. Bg2 Nc6 7. a3 Be7 8. b4 a6 9. 0-0 0-0 10. Qb3 Na7 11. Bb2 Rb8 12. a4 c6 13. b5 Nc8 14. bxa6 b6 15. a5 Qc7 16. axb6 Rxb6 17. Qa2 Na7 18. Rfb1 Rfb8 19. Bc1 Bc8 20. Qa5 Bd8 21. Rxb6 Rxb6 22. Nd4 e5 23. Nxc6 Nxc6 24. Bxc6 Qxc6 25. a7 Bb7 26. f3 Ba8 27. Kg2 Bc7 28. Nb5 Rb7 29. Qa6 Bb6 30. Be3 Nd7 31. Rb1 Nc5 32. Bxc5 Qxc5 33. Nc3 g5 34. Nd5 Qf2+ 35. Kh3 g4+ 36. fxg4 fxg4+ 37. Kxg4 Qxe2+ 38. Kh3 Qh5+ 39. Kg2 Rxa7 40. Qxb6 Qe2+ 41. Qf2 Bxd5+ 42. cxd5 Qxf2+ 43. Kxf2 Ra5 1/2-1/2

[Event "Bursa op 07"]
[Site "Bursa"]
[Date "2011.07.16"]
[Round "2"]
[White "Atay, Sergen"]
[Black "Okay, Koray"]
[Result "0-1"]
[WhiteElo "1717"]
[BlackElo "2136"]
[PlyCount "70"]
[EventDate "2011.07.15"]
[EventType "swiss"]
[EventRounds "7"]
[EventCountry "TUR"]
[SourceTitle "EXT 2012"]
[Source "ChessBase"]
[SourceDate "2011.11.24"]
[SourceVersion "1"]
[SourceVersionDate "2011.11.24"]
[SourceQuality "1"]

1. c4 Nf6 2. Nf3 d6 3. g3 g6 4. b4 Bg7 5. Bb2 a5 6. b5 c6 7. a4 0-0 8. Bg2 e5 9. d3 Nh5 10. Qb3 Nd7 11. Nbd2 Nc5 12. Qc2 Ne6 13. Rc1 f5 14. Nb3 c5 15. Nfd2 Ra7 16. Nb1 b6 17. Nc3 Ng5 18. Nd2 f4 19. Nde4 f3 20. Bxf3 Nxf3+ 21. exf3 Rxf3 22. Rd1 Raf7 23. Bc1 Bb7 24. Qa2 h6 25. Be3 Kh7 26. Rf1 Qf8 27. Qe2 Bc8 28. Bf4 Bg4 29. h3 Nxf4 30. gxf4 Bh5 31. Ng3 Rxg3 32. fxg3 Bxe2 33. Nxe2 exf4 34. Nxf4 Bc3+ 35. Kf2 g5 0-1